000 00236nam a2200097Ia 4500
008 190216s9999||||xx |||||||||||||| ||und||
100 _aVeeramani R
245 0 _aGanitha Visleshana Thathwangal
260 _bKerala Basha Inst
942 _cBK
999 _c39979
_d39979